000 00440nam a2200157 4500
001 136908
003 ES-MaACL
005 20230906195247.0
007 t|
008 070214s1919 it r ||||1| ita d
100 1 _aSainati, Augusto.
_9101502
245 1 3 _aLa lirica latina del Rinascimento
_b: parte prima /
_cAugusto Sainati.
260 _aPisa :
_bEnrico Spoerri,
_c1919.
300 _a239 p. ;
_c21 cm.
852 _aES-MaACL
_jB-13220
999 _c136908
_d136908